Katchi Abadis of Karachi Documentationof Sewerage Water Supply lines Clinics Schools and Thallas Volume One (Record no. 617419)

000 -LEADER
fixed length control field 00500nam a22001577a 4500
003 - CONTROL NUMBER IDENTIFIER
control field NUST
005 - DATE AND TIME OF LATEST TRANSACTION
control field 20260512153946.0
008 - FIXED-LENGTH DATA ELEMENTS--GENERAL INFORMATION
fixed length control field 260512b ||||| |||| 00| 0 eng d
082 ## - DEWEY DECIMAL CLASSIFICATION NUMBER
Classification number 307.1409
Author Mark KAT
100 ## - MAIN ENTRY--PERSONAL NAME
Personal name Pakistan
9 (RLIN) 44773
245 ## - TITLE STATEMENT
Title Katchi Abadis of Karachi Documentationof Sewerage Water Supply lines Clinics Schools and Thallas Volume One
Statement of responsibility, etc. Pakistan.
260 ## - PUBLICATION, DISTRIBUTION, ETC.
Place of publication, distribution, etc. Pakistan:
Name of publisher, distributor, etc. Research Training Institute
Date of publication, distribution, etc. 2002.
300 ## - PHYSICAL DESCRIPTION
Extent 507 p ;
Dimensions 37.00 cm
563 ## - BINDING INFORMATION
Binding note Hardcover
942 ## - ADDED ENTRY ELEMENTS (KOHA)
Source of classification or shelving scheme
Koha item type Book
Holdings
Withdrawn status Lost status Source of classification or shelving scheme Damaged status Not for loan Permanent Location Current Location Date acquired Total Checkouts Full call number Barcode Date last seen Price effective from Koha item type
          Institute of Geographical Information Systems (IGIS) Institute of Geographical Information Systems (IGIS) 05/12/2026   307.1409 KAT IGIS-1302 05/12/2026 05/12/2026 Book
© 2023 Central Library, National University of Sciences and Technology. All Rights Reserved.